Statystyki dla Quiz o Lubsku

Kliknij tutaj aby rozwiązać quiz!

Ogólne statystyki

  • Ten quiz został rozwiązany 13 razy
  • Średni wynik to 10 z 13

Statystyki odpowiedzi

HintOdpowiedź% Poprawnych
najbliżej do którego państwa?Niemcy
100%
kolory flagiżółty, biały, czerwony
100%
powierzchnia(km2)12,5
90%
3 litery tablic rejestracyjnychFZA
90%
powiatŻarski
90%
liczba mieszkańców(tyś)13
80%
rzekaLubsza
80%
burmistrzJanusz Dudojć
70%
najbliższe miastoJasień
70%
zwierzę w herbielew
70%
średnia wieku43
60%
niemiecka nazwaSommerfeld
60%
kiedy uzyskało prawa miejskie?1283
40%

Rozkład punktacji

Percentyl według liczby udzielonych odpowiedzi

Procent ludzi z każdym wynikiem

Twoja historia wyników

Nie rozwiązałeś tego quizu